<?xml version="1.0" encoding="UTF-8"?>
<record
    xmlns:xsi="http://www.w3.org/2001/XMLSchema-instance"
    xsi:schemaLocation="http://www.loc.gov/MARC21/slim http://www.loc.gov/standards/marcxml/schema/MARC21slim.xsd"
    xmlns="http://www.loc.gov/MARC21/slim">

  <leader>01217nam a22002537a 4500</leader>
  <controlfield tag="003">PK-LaUMT</controlfield>
  <controlfield tag="005">20260602115728.0</controlfield>
  <controlfield tag="008">260602s2026    |||||||| |||| 00| 0 eng d</controlfield>
  <datafield tag="040" ind1=" " ind2=" ">
    <subfield code="c">PK-LaUMT</subfield>
  </datafield>
  <datafield tag="082" ind1=" " ind2=" ">
    <subfield code="a">613.28664</subfield>
    <subfield code="b">MUZ-F</subfield>
  </datafield>
  <datafield tag="100" ind1="0" ind2=" ">
    <subfield code="a">Muzdalfa Anwar</subfield>
    <subfield code="9">12135</subfield>
  </datafield>
  <datafield tag="245" ind1="1" ind2="0">
    <subfield code="a">Formulation and characterization of oat-based cookies supplemented with encapsulated jamun seed powder as a glucose modulator [MS Human Nutrition and Dietetics] /</subfield>
    <subfield code="c">Muzdalfa Anwar</subfield>
  </datafield>
  <datafield tag="260" ind1=" " ind2=" ">
    <subfield code="a">Lahore :</subfield>
    <subfield code="b">University of Management and Technology,</subfield>
    <subfield code="c">2026</subfield>
  </datafield>
  <datafield tag="300" ind1=" " ind2=" ">
    <subfield code="a">xiv, 107 p. ;</subfield>
    <subfield code="e">CD</subfield>
  </datafield>
  <datafield tag="502" ind1=" " ind2=" ">
    <subfield code="a">Submitted in the partial fulfillment of the requirements for the degree of Master of Science Human Nutrition and Dietetics.
Supervisor: Dr. Nauman Khalid</subfield>
    <subfield code="b">MS Human Nutrition and Dietetics</subfield>
    <subfield code="c">Human Nutrition and Dietetics, School of Food and Agricultural Science, University of Management and Technology, Lahore.</subfield>
    <subfield code="d">2026</subfield>
    <subfield code="o">S2024425003</subfield>
  </datafield>
  <datafield tag="526" ind1=" " ind2=" ">
    <subfield code="a">School of Food and Agricultural Science</subfield>
  </datafield>
  <datafield tag="546" ind1=" " ind2=" ">
    <subfield code="a">Eng</subfield>
  </datafield>
  <datafield tag="650" ind1=" " ind2=" ">
    <subfield code="a">Human nutrition</subfield>
  </datafield>
  <datafield tag="650" ind1=" " ind2=" ">
    <subfield code="a">Human dietetics</subfield>
  </datafield>
  <datafield tag="650" ind1=" " ind2=" ">
    <subfield code="a">Oat-nutritional aspects</subfield>
    <subfield code="9">12136</subfield>
  </datafield>
  <datafield tag="650" ind1=" " ind2=" ">
    <subfield code="a">Syzygian eumini-seeds</subfield>
    <subfield code="9">12137</subfield>
  </datafield>
  <datafield tag="650" ind1=" " ind2=" ">
    <subfield code="a">Plant products in human nutrition</subfield>
    <subfield code="9">12138</subfield>
  </datafield>
  <datafield tag="942" ind1=" " ind2=" ">
    <subfield code="2">ddc</subfield>
    <subfield code="c">TP</subfield>
  </datafield>
  <datafield tag="999" ind1=" " ind2=" ">
    <subfield code="c">140912</subfield>
    <subfield code="d">140912</subfield>
  </datafield>
  <datafield tag="952" ind1=" " ind2=" ">
    <subfield code="0">0</subfield>
    <subfield code="1">0</subfield>
    <subfield code="2">ddc</subfield>
    <subfield code="4">0</subfield>
    <subfield code="7">0</subfield>
    <subfield code="a">01</subfield>
    <subfield code="b">01</subfield>
    <subfield code="d">2026-06-02</subfield>
    <subfield code="l">0</subfield>
    <subfield code="o">613.28664 MUZ-F</subfield>
    <subfield code="p">TH-076</subfield>
    <subfield code="r">2026-06-02 11:27:13</subfield>
    <subfield code="w">2026-06-02</subfield>
    <subfield code="y">TP</subfield>
  </datafield>
</record>
